Principal Of Sociology (Record no. 1242)

MARC details
000 -LEADER
fixed length control field 00459cam a2200181ua 4500
008 - FIXED-LENGTH DATA ELEMENTS--GENERAL INFORMATION
fixed length control field 110706n ii |||gr||||Z||||||eng
040 ## - CATALOGING SOURCE
Transcribing agency MAIN
082 ## - DEWEY DECIMAL CLASSIFICATION NUMBER
Classification number 301
100 1# - MAIN ENTRY--PERSONAL NAME
Personal name Sharma, R. N.,
245 1# - TITLE STATEMENT
Title Principal Of Sociology
Statement of responsibility, etc. By R. N. Sharma
250 ## - EDITION STATEMENT
Edition statement 2nd.
260 ## - PUBLICATION, DISTRIBUTION, ETC.
Place of publication, distribution, etc. Mumbai:
Name of publisher, distributor, etc. Media Promoters & Publishers Pvt. Ltd,
Date of publication, distribution, etc. 2003.
300 ## - PHYSICAL DESCRIPTION
Extent xi; 480p:
Dimensions 23cm.
942 ## - ADDED ENTRY ELEMENTS (KOHA)
Koha item type Books
653 ## - INDEX TERM--UNCONTROLLED
Uncontrolled term Sociology
653 ## - INDEX TERM--UNCONTROLLED
Uncontrolled term Principals Of sociology
Holdings
Withdrawn status Lost status Damaged status Not for loan Home library Current library Shelving location Date acquired Total Checkouts Full call number Barcode Date last seen Copy number Price effective from Koha item type
        Central Library, Naharkatiya College Central Library, Naharkatiya College General Stacks 19/09/2020   301 | SHA 18672 19/09/2020 1 19/09/2020 Books

Naharkatiya College © 2020. All rights reserved.

Powered By